00426nam a2200145Ia 4500003000400000008004100004040001600045082001300061100001900074245009700093260005100190300001000241650001400251650001500265GCL140319s9999 xx 000 0 eng d aGCL / cGCL04a301bF M1 aFARARO, THOMAS10aTHE MEANING OF GENERAL THEORITICAL SOCIOLOGY: TRADATION AND FORMALIZATION / cFARARO, THOMAS a[S.N] : bCAMBRIDGE UNIVERSITY PRESS ، c1989 a387 P04aSOCIOLOGY04aPHILOSOPHY